000
00319nam a22001457a 4500
003
SGT
082
_a
610
_b
D14H
100
_a
HASSAN, ASHFARQ
245
_a
DNB QUICK REVIEW ( FOR PRIMARY & POST DIPLOMA)
250
_a
2ND
260
_a
INDIA
_b
JAYPEE
_c
2014
300
_a
440
650
_a
MEDICINE
942
_2
ddc
_c
BK
999
_c
10689
_d
10689